000 00397nam a2200133Ia 4500
008 220217s9999||||xx |||||||||||||| ||und||
020 _a978-81-3120-723-9
082 _a658.403 8 DAL
100 _aDalkir, Kimiz
_97578
245 0 _aKnowledge managemant in theory and practice
260 _aElsevier Academic press
_bNew Delhi
_c2008
300 _aXV,356p.;28cm
_b495
650 _aMANAGEMENT
999 _c181200
_d181200